000 01305namaa22003251i 4500
005 20260415085827.0
008 260415s1995 ua a|||frm||| 000 0 eng d
040 _aEG-GICUC
_beng
_cEG-GICUC
_dEG-GICUC
_erda
041 0 _aeng
_beng
_bara
049 _aDeposit
097 _aM.Sc
099 _aCai01.11.12.M.Sc.1995.Mo.M
100 0 _aMohamed Hossni El Hifni,
_epreparation.
245 1 0 _aManagement of posterior epistaxis /
_cMohamed Hossni El Hifni ; Supervised Dr. Mohamed Magued Mashaly, Dr. Hazem Aboul Oyoun, Dr. Abd El Halim Ahmed
246 1 5 _aطرق علاج النزيف الانفي (الرعاف) الخلفي
264 0 _c1995.
300 _a123 Leaves
_billustrations
_c30 cm. +
336 _2rda content
_atext
337 _2rdamedia
_aUnmediated
338 _2rdacarrier
_avolume
502 _aThesis (M.Sc.)-Cairo University, 1995
504 _aBibliography: pages 111-123
653 0 _aManagement of posterior epistaxis
700 0 _aMohamed Magued Mashaly
_ethesis advisor.
700 0 _aHazem Aboul Oyoun
_ethesis advisor.
700 0 _aAbd El Halim Ahmed
_ethesis advisor.
900 _DDepartment of E.N.T
_FFaculty of Medicine
_UCairo University
_b1995
_cMohamed Magued Mashaly
_cHazem Aboul Oyoun
_cAbd El Halim Ahmed
905 _aNehad
942 _2ddc
_cTH
_e21
_n0
999 _c179496